The official guide to Bionicle / (Record no. 3969)

MARC details
000 -LEADER
fixed length control field 01104cam a22003133a 4500
001 - CONTROL NUMBER
control field 3969
003 - CONTROL NUMBER IDENTIFIER
control field FISKH
005 - DATE AND TIME OF LATEST TRANSACTION
control field 20240528153249.0
008 - FIXED-LENGTH DATA ELEMENTS--GENERAL INFORMATION
fixed length control field 040317s2003 nyu ab j 000 1 eng d
010 ## - LIBRARY OF CONGRESS CONTROL NUMBER
LC control number 2004270545
020 ## - INTERNATIONAL STANDARD BOOK NUMBER
International Standard Book Number 0439501156
020 ## - INTERNATIONAL STANDARD BOOK NUMBER
International Standard Book Number 9780439501156
035 ## - SYSTEM CONTROL NUMBER
System control number (OCoLC)ocm52801296
040 ## - CATALOGING SOURCE
Original cataloging agency LKR
Transcribing agency LKR
Modifying agency OCLCQ
-- BAKER
-- DLC
Language of cataloging eng
050 00 - LIBRARY OF CONGRESS CALL NUMBER
Classification number NK8595.C45
082 ## - DEWEY DECIMAL CLASSIFICATION NUMBER
Classification number 688.728
100 1# - MAIN ENTRY--PERSONAL NAME
Personal name Farshtey, Greg.
245 14 - TITLE STATEMENT
Title The official guide to Bionicle /
Statement of responsibility, etc. Greg Farshtey.
260 ## - PUBLICATION, DISTRIBUTION, ETC.
Place of publication, distribution, etc. New York :
Name of publisher, distributor, etc. Scholastic,
Date of publication, distribution, etc. 2003.
300 ## - PHYSICAL DESCRIPTION
Extent 80 pages :
Other physical details color illustrations ;
Dimensions 23 cm.
520 ## - SUMMARY, ETC.
Summary, etc. Inside this guide you'll find information about your favorite Bionicle, the fantastic island of Mata Nui, and the Bionicle saga, filled with mystery, action, adventure and triumph!
650 #0 - SUBJECT ADDED ENTRY--TOPICAL TERM
Topical term or geographic name entry element Mata Nui (Imaginary place)
Form subdivision Juvenile fiction.
650 #0 - SUBJECT ADDED ENTRY--TOPICAL TERM
Topical term or geographic name entry element Action figures (Toys)
Form subdivision Juvenile fiction.
650 #0 - SUBJECT ADDED ENTRY--TOPICAL TERM
Topical term or geographic name entry element LEGO toys
Form subdivision Juvenile fiction.
655 #7 - INDEX TERM--GENRE/FORM
Genre/form data or focus term Science fiction.
Source of term gsafd
906 ## - LOCAL DATA ELEMENT F, LDF (RLIN)
a 7
b cbc
c copycat
d 3
e ncip
f 20
g y-gencatlg
942 ## - ADDED ENTRY ELEMENTS (KOHA)
Source of classification or shelving scheme Dewey Decimal Classification
Koha item type Books
Suppress in OPAC No
Holdings
Withdrawn status Lost status Source of classification or shelving scheme Damaged status Not for loan Collection Home library Current library Shelving location Date acquired Total Checkouts Full call number Barcode Date last seen Price effective from Koha item type
    Dewey Decimal Classification     Fiction Footprints International School Library Network Toul Kork Campus Footprints International School Library Network Toul Kork Campus A TK Campus, Comic Books (All Reading Levels), B401 Bookcase 1/2, Shelf 3 05/28/2024   FAR 688.728 NK8595.C45 FISTK01014 05/28/2024 05/28/2024 Books